000 00390nam a22001697a 4500
005 20180820154356.0
008 160620b xxu||||| |||| 00| 0 eng d
020 _a0-201-53740-0
041 _aeng
082 _b8481
_a658.4012
100 _aDavid, Fred R.
_92312
245 _aStrategic Management
260 _bPHI
_adelhi
300 _a325p,
650 _aManagement
_9241
942 _cBK
999 _c3247
_d3246